Özv. Veszelka Istvánné szül. Katona Anna [a család gyászjelentése]

Elmentve itt :
Bibliográfiai részletek
Dokumentumtípus: Cikk
Megjelent: 1936-02-08
Sorozat:Délmagyarország 12 No. 34
Kulcsszavak:Veszelka Istvánné Katona Anna, Gyászjelentés
Online Access:http://dmarchiv.bibl.u-szeged.hu/40159
LEADER 00480nab a2200145 i 4500
001 delm40159
005 20180927130032.0
008 180927s1936 hu o 0|| hun d
040 |a SZTE Délmagyarország Archívum  |b hun 
041 |a hun 
245 0 0 |a Özv. Veszelka Istvánné szül. Katona Anna   |h [elektronikus dokumentum] :  |b [a család gyászjelentése] 
260 |c 1936-02-08 
300 |a 7 
490 0 |a Délmagyarország  |v 12 No. 34 
695 |a Veszelka Istvánné Katona Anna, Gyászjelentés